zpět

Detail výsledku týmu

Questerland - Vinohrady, Praha

Datum a čas kvízu

31 Celkem bodů Celkový počet nahraných bodů na tomto kvízu bez doplňovacích otázek.
8. Pořadí na kvízu Konečné umístění týmu na tomto kvízu.

Zaznamenané odpovědi

# Otázka Odpověď Body Výsledky
1. Jak se jmenuje světoznámá česk... Eva Jiřičná 1
2. Jedna světoznámá fontána je kv... v Římě 1
3. Který pár zvítězil minulý týde... Trabo, Kristi 1
4. Přemnožené jedince jistého zví... mývaly 1
5. Minulý týden se konalo předává... Rodri, Aitana Bonmatí 0.5
6. Pokud žijete v Dánsku, budete... skořicí 1
7. Ve které zemi má původ takovát... v Mexiku 0
8. Ve vesnici Castrillo de Murcía... C 0
9. Kousek od anglického města Glo... o sýr (kolo sýra) 0
10. I řada našich tradic může na c... Jízda králů 0